Quiz ''FIFA 23'' - Statistiques

Statistiques générales
  • Ce quiz a été pris 2 295 fois
  • Le résultat moyen est 7 sur 10
Statistiques - réponses
Question Réponse % Correct
Quel joueur masculin est sur la boîte du jeu ? Kylian Mbappé
94%
Quel est le nouveau type de tir sur FIFA 23? Le tir puissant
88%
Qui est le créateur de "FIFA 23" ? Electronic Arts
85%
Quel est le mode le plus joué sur FIFA 23 ? Ultimate team
82%
Qui sont les deux commentateurs sur "FIFA 23" ? Omar da Fonseca et Benjamin da Silva
78%
Comment s'appelle le mode où l'on peut créer notre équipe de rêve et jouer en ligne ? Ultimate team
78%
Quel joueur à la meilleure note sur FIFA 23 ultimate team ? Pelé
64%
Dans quel club joue Lewandowski sur "FIFA 23" ? Barcelone
61%
Quelle jour de la semaine sont les récompenses division Rivals ? Jeudi
57%
Qui est le meilleur joueur de Fifa 23 Lionel Messi
33%
Aucun quiz correspondant
Distribution des résultats
% des personnes avec chaque résultat
Percentile par nombre de réponses
Votre historique - résultats
Vous n’avez pas pris ce quiz